000 00212 a2200109 4500
020 _a9780152017149
041 _aspa
100 _aWright, Paulsen, Ruth
245 _aLa tortilleria
942 _cBK
952 _74
999 _c19890
_d19890